000 00559nam a22002057a 4500
003 UA-OsUOA
001 7001
007 ta
008 20031202b un ||||| |||| 00| 0 ukr d
100 _aНауменко С.В.
942 _cSA
040 _aUA-OsUOA
_brus
_cUA-OsUOA
_dUA-OsUOA
245 _a"Толковий словарь живого великорусского языка" В.И.Даля под редакцией
300 _aС.61-69
955 _a0
041 _arus
044 _aUA
773 0 _w0
650 7 _aСловники
_2UDC
999 _c293162
_d293162